Alle Varo teilnehmer - Statistiken

Allgemein
  • Dieses Quiz wurde 242 mal gespielt
  • Das Durchschnittsergebnis liegt bei 47 aus 86
Antwortstatistiken
Name Beste Platzierung (alle teilnahmen) Teilnahmen Kills Status Antwort % Korrekt
Patrick Mayer Sieger (Varo 1) Varo 1,
Varo 2,
Varo 3,
Varo 4
9 Aktiv Paluten
98%
Bastian Sieger (Varo 4) Varo 3, Varo 4 9 Aktiv BastiGHG
92%
Rafael Eisler Sieger (Varo 4) Varo 2,
Varo 3,
Varo 4
14 Aktiv VeniCraft
87%
Manuel Büttinghaus #4 (Varo 2) Varo 1,
Varo 2,
Varo 3,
Varo 4
2 Inaktiv GermanLetsPlay
86%
Tim #3 (Varo 2) Varo 1,
Varo 2,
Varo 3,
Varo 4
12 Inaktiv MinecraftExpertDE
83%
Felix von der Laden #10 (Varo 2) Varo 1,
Varo 2,
Varo 3,
Varo 4
0 Aktiv Dner
82%
Sebastian Meyer #7 (Varo 1) Varo 1,
Varo 2,
Varo 3,
Varo 4
0 Aktiv Rewinside
82%
Heiko Husch #4 (Varo 1) Varo 1, Varo 2, Varo 3, Varo 4 13 Aktiv CastCrafter
80%
Frederic Fieger-Viehof #5 (Varo 1) Varo 1,
Varo 2,
Varo 3,
Varo 4
0 Aktiv Sturmwaffel
80%
Simon Wiefels #5 (Varo 2) Varo 1,
Varo 2,
Varo 3,
Varo 4
4 Aufgehört Ungespielt
78%
Dennis Sieger (Varo 2) Varo 1,
Varo 2,
Varo 3,
Varo 4
2 + 1 teampartner kill Aktiv SparkofPhoenix
76%
Unbekannt #21 (Varo 2) Varo 1,
Varo 2,
Varo 3,
Varo 4
8 Inaktiv byStegi
75%
Luca Tilo Scharpenberg #14 (Varo 1) Varo 1,
Varo 2,
Varo 3,
Varo 4
0 Aktiv ConCrafter
75%
Phil Sieger (Varo 3) Varo 3, Varo 4 6 Inaktiv LetsPhil
74%
Pat Sieger (Varo 2) Varo 2 2 Aktiv CraftingPat
72%
Maurice #18 (Varo 2) Varo 2, Varo 3, Varo 4 0 Inaktiv maudado
72%
Michael Rankl #8 (Varo 3) Varo 1, Varo 2, Varo 3, Varo 4 5 Aktiv Zombey
72%
Michael Renk #6 (Varo 2) Varo 1,
Varo 2,
Varo 3,
Varo 4
4 Inaktiv GommeHD
71%
Petrit Shaqiri #15 (Varo 1) Varo 1, Varo 2, Varo 4 3 Inaktiv PetritLP
71%
Maximilian Kransen #15 (Varo 3) Varo 1,
Varo 2,
Varo 3,
Varo 4
1 (indirekt durch loch) Aktiv KranCrafter
70%
Tim B. #13 (Varo 2) Varo 1,
Varo 2,
Varo 3
0 Inaktiv Herr Bergmann
69%
Benjamin Krüger #6 (Varo 3) Varo 2, Varo 3, Varo 4 5 Aktiv DoctorBenx
67%
Dennis B. #19 (Varo 3) Varo 1,
Varo 2,
Varo 3,
Varo 4
2 Aktiv PietSmiet: Br4mm3n
65%
Maximilian #4 (Varo 4) Varo 3, Varo 4 4 Aufgehört FazonHD
64%
David Haubner #19 (Varo 4) Varo 3, Varo 4 3 Aufgehört Haubna
64%
Pascal Rothkegel #11 (Varo 1) Varo 1,
Varo 2,
Varo 3,
Varo 4
7 Inaktiv MrMoreGame
64%
Felix Hardy #11 (Varo 4) Varo 1,
Varo 2,
Varo 4
0 Inaktiv Rotpilz
64%
Daniel Tjarks #17 (Varo 1) Varo 1, Varo 2 1 Inaktiv LetsTaddl
62%
Vincent #3 (Varo 3) Varo 3, Varo 4 6 Aufgehört Vicevice
60%
Michael Müller #2 (Varo 3) Varo 2, Varo 3, Varo 4 4 Inaktiv ZanderLP
60%
Lucas Michels #4 (Varo 3) Varo 1,
Varo 2,
Varo 3,
Varo 4
6 Aktiv AviveHD
59%
Benjamin Lengauer #46 (Varo 4 Varo 3, Varo 4 2 Inaktiv Beni
59%
Peter Büttinghaus #9 (Varo 1) Varo 1,
Varo 2,
Varo 3,
Varo 4
0 Aktiv DebitorLP
59%
Tobi #17 (Varo 4) Varo 2, Varo 3, Varo 4 4 Aufgehört Tobination
58%
Tim Goldman #6 (Varo 1) Varo 1,
Varo 2,
Varo 3,
Varo 4
0 Inaktiv Earliboy
56%
Maximilian Knabe #47 (Varo 3) Varo 3 0 Aktiv HandOfBlood
56%
Kevin Parol #38 (Varo 1) Varo 1,
Varo 2,
Varo 3,
Varo 4
1 Aufgehört LPmitKev
56%
A. #36 (Varo 4) Varo 4 1 Aufgehört ARRi
54%
Justin Samuel Fuchs #14 (Varo 3) Varo 1, Varo 2, Varo 3, 3 Aufgehört PXLWLF
54%
Alexander Hazy #19 (Varo 2) Varo 2, Varo 3, Varo 4 2 Inaktiv Izzi
53%
Unbekannt #13 (Varo 4) Varo 3, Varo 4 2 Aktiv LOGO
52%
Dom #16 (Varo 4) Varo 1,Varo 2, Varo 3, Varo 4 3 Aktiv AnyArtLP
51%
Sebastian Lehel #16 (Varo 3) Varo 3, Varo 4 0 Aktiv baastiZockt
51%
Dario #12 (Varo 1) Varo 1,
Varo 2,
Varo 3,
Varo 4
0 Aufgehört DelayLP
51%
Kilian Finger #23 (Varo 1) Varo 1,
Varo 2,
Varo 4
0 Aufgehört PorkchopMedia: KiwiKilian
51%
Kevin Lohse #7 (Varo 3) Varo 3, Varo 4 2 Aktiv Gamerstime
50%
Ardian Bora #31 (Varo 2) Varo 2 0 Inaktiv ARDY
49%
Malte Hesse #8 (Varo 1) Varo 1, Varo 3 0 Aktiv (eigener Account) BrokenThumbsTV: Calibour
49%
Julian #2 (Varo 1) Varo 1, Varo 2 1 Aufgehört Gamerklinik (Julian)
49%
Friedrich S. #10 (Varo 1) Varo 1,
Varo 2,
Varo 3,
Varo 4
2 Aufgehört H0llyLP
48%
Dominik Pott #25 (Varo 1) Varo 1, Varo 4 0 Aufgehört PorkchopMedia: Doim95
48%
Unbekannt #43 (Varo 4) Varo 3, Varo 4 2 Inaktiv CoRRoNa
47%
Andreas Köhler #24 (Varo 1) Varo 1,
Varo 2,
Varo 3,
0 Aufgehört PorkchopMedia: MrOutback
47%
Sebastian Hahner #13 (Varo 3) Varo 2, Varo 3, Varo 4 2 Inaktiv skate702
47%
Daniel Hagen #25 (Varo 4) Varo 3, Varo 4 0 Aktiv Dhalucard
46%
Dominik #13 (Varo 1) Varo 1, Varo 2, Varo 3 0 Aktiv TheKedosZone
46%
Daniel Koss #22 (Varo 1 und 2) Varo 1, Varo 2 1 (aktiver selbstmord in varo 2) Aufgehört ZeronikHD
45%
Benjamin Schenk #10 (Varo 4) Varo 2, Varo 3, Varo 4 1 (teampartner kill in varo 2) Inaktiv Balui
44%
Alexander R. #7 (Varo 4) Varo 2,
Varo 3,
Varo 4
0 Inaktiv NichtNilo
44%
Unbekannt #8 (Varo 2) Varo 1,
Varo 2,
Varo 3,
Varo 4
2 Inaktiv Quotenkadl
44%
Valentin Rahmel #55 (Varo 4) Varo 4 0 Aktiv Sarazar
44%
Manuel Senke #26 (Varo 1) Varo 1, Varo 2, Varo 3 0 Aufgehört(eigener Account) BrokenThumbsTV: Wolfwins
43%
Sebastian Kransen #51 (Varo 3) Varo 3, Varo 4 0 Inaktiv EsKay
43%
Michael #40 (Varo 4) Varo 3, Varo 4 0 Inaktiv Selbstgespräch
43%
Marcel Hoppe #49 (Varo 3 und 4) Varo 3, Varo 4 0 Aufgehört tinNendo
42%
Moritz #30 (Varo 4) Varo 4 0 Inaktiv MOOO
41%
Claus H. #29 (Varo 4) Varo 4 1 Aktiv OdinakaJesus
41%
Felix #5 (Varo 3) Varo 2, Varo 3 1 Inaktiv hallodri
40%
Frank #12 (Varo 4) Varo 4 3 Aufgehört minusduude
40%
Peter Schaack #59 (Varo 3) Varo 3 0 Inaktiv Peterle
40%
Pepe #39 (Varo 4) Varo 3, Varo 4 0 Inaktiv Takaishii
40%
Unbekannt #21 (Varo 4) Varo 3, Varo 4 0 Inaktiv easn
38%
Maximilian Kouja Victor Fritsch #33 (Varo 2) Varo 2, Varo 3, Varo 4 0 Aufgehört SergeantMax
38%
Sebastian Büttinghaus #20 (Varo 1) Varo 1 0 Gelöscht SibstLP
38%
Unbekannt #8 (Varo 4) Varo 4 1 (ungewollter selbstmord durch enderperle) Inaktiv Giga Grievi
37%
Unbekannt #41 (Varo 4) Varo 3, Varo 4 0 Aufgehört NexotekHD
37%
Sascha Wolff #23 (Varo 4) Varo 4 0 Aktiv Dadosch
36%
Tom Krüger #34 (Varo 2) Varo 1, Varo 2 1 Aktiv ShuffleLP
36%
Philipp #56 (Varo 3) Varo 3, Varo 4 0 Aufgehört Kukielka
33%
Sascha #14 (Varo 4) Varo 4 2 Aufgehört Taros
33%
Unbekannt #17 (Varo 3) Varo 1, Varo 2, Varo 3 0 Aufgehört TheDeadsheap
32%
Unbekannt #37 (Varo 4) Varo 4 0 Inaktiv Fr3akzLP
31%
Unbekannt #51 (Varo 2) Varo 2 0 Inaktiv EinQuantumPro
29%
Unbekannt #34 (Varo 1) Varo 1 1 Aufgehört Denotin
28%
Yannick Dohrmann #27 (Varo 4) Varo 4 0 Aktiv DestinyCast
28%
Nikolas #25 (Varo 2) Varo 2 0 Inaktiv DerKunga
24%
Keine übereinstimmenden Quizze gefunden
Verteilung der Resultate
Anzahl Personen mit jedem Resultat
Perzentil nach korrekt beantworteten Fragen
Ihre Resultats-Entwicklung
Sie haben dieses Quiz noch nicht gespielt